[Event "FICGS W-ch st1 g05 email"]
[Site "FICGS email"]
[Date "2012.01.01"]
[Round "1"]
[White "Broad, Ken"]
[Black "Bakhmatov, Andrey"]
[Result "0-1"]
[WhiteElo "1408"]
[BlackElo "2125"]
[PlyCount "54"]
[EventDate "2012.??.??"]
[EventType "tourn (corr)"]
[EventRounds "8"]
[SourceTitle "Corr 2022"]
[Source "ChessBase"]
[SourceDate "2021.10.24"]
[SourceVersion "1"]
[SourceVersionDate "2021.10.24"]
[SourceQuality "1"]

1. e4 c5 2. Nf3 d6 3. d4 cxd4 4. Nxd4 Nf6 5. Nc3 a6 6. Be2 e5 7. Nb3 Be7 8. Be3 Be6 9. f3 Nbd7 10. Qd2 h5 11. 0-0-0 b5 12. Bg5 b4 13. Nd5 Nxd5 14. Bxe7 Nxe7 15. Qxd6 0-0 16. Rd2 Ng6 17. Rhd1 Qb6 18. Qd3 Nf4 19. Qd6 Qxd6 20. Rxd6 Nxe2+ 21. Kb1 Bxb3 22. axb3 Nf6 23. R1d2 Nf4 24. g3 Ne6 25. c4 Rfd8 26. Kc2 Nd4+ 27. R6xd4 Rxd4 0-1

[Event "FICGS W-ch st1 g05 email"]
[Site "FICGS email"]
[Date "2012.01.01"]
[Round "1"]
[White "Broad, Ken"]
[Black "Kirali, Hasan"]
[Result "0-1"]
[WhiteElo "1408"]
[BlackElo "1715"]
[PlyCount "22"]
[EventDate "2012.??.??"]
[EventType "tourn (corr)"]
[EventRounds "8"]
[SourceTitle "Corr 2022"]
[Source "ChessBase"]
[SourceDate "2021.10.24"]
[SourceVersion "1"]
[SourceVersionDate "2021.10.24"]
[SourceQuality "1"]

1. e4 e5 2. Nf3 Nc6 3. Bb5 Nf6 4. 0-0 Nxe4 5. Re1 Nd6 6. Bxc6 dxc6 7. Nxe5 Be7 8. Nc3 0-0 9. d3 Re8 10. Bf4 Be6 11. Qf3 Nf5 0-1

[Event "FICGS class E 000143 email"]
[Site "FICGS email"]
[Date "2011.09.28"]
[Round "1"]
[White "Broad, Ken"]
[Black "Pipac, Darko"]
[Result "1-0"]
[WhiteElo "1400"]
[BlackElo "1388"]
[PlyCount "63"]
[EventDate "2011.??.??"]
[EventType "tourn (corr)"]
[EventRounds "6"]
[SourceTitle "Corr 2013"]
[Source "ChessBase"]
[SourceDate "2012.11.12"]
[SourceVersion "1"]
[SourceVersionDate "2012.11.12"]
[SourceQuality "1"]

1. e4 e5 2. Nf3 Nc6 3. Bb5 d6 4. d4 a6 5. Ba4 b5 6. Bb3 Nxd4 7. Nxd4 exd4 8. Qxd4 c5 9. Qd1 Bb7 10. 0-0 Bxe4 11. Re1 f5 12. f3 Qb6 13. fxe4 c4+ 14. Be3 Qc6 15. exf5 cxb3 16. Bf4+ Be7 17. axb3 Rc8 18. Nc3 Nf6 19. Bxd6 0-0 20. Bxe7 Rfe8 21. Bxf6 Rxe1+ 22. Qxe1 Qxf6 23. Qe6+ Qxe6 24. fxe6 Kf8 25. Re1 Rc6 26. e7+ Ke8 27. Nd5 Rxc2 28. Rf1 Re2 29. Rf8+ Kd7 30. e8Q+ Rxe8 31. Rxe8 Kxe8 32. Nc7+ 1-0

[Event "FICGS class E 000143 email"]
[Site "FICGS email"]
[Date "2011.09.28"]
[Round "1"]
[White "Haekkinen, Jorma"]
[Black "Broad, Ken"]
[Result "0-1"]
[WhiteElo "1258"]
[BlackElo "1400"]
[PlyCount "122"]
[EventDate "2011.??.??"]
[EventType "tourn (corr)"]
[EventRounds "6"]
[SourceTitle "Corr 2013"]
[Source "ChessBase"]
[SourceDate "2012.11.12"]
[SourceVersion "1"]
[SourceVersionDate "2012.11.12"]
[SourceQuality "1"]

1. d4 Nf6 2. c4 e6 3. Nf3 c5 4. dxc5 Bxc5 5. Nc3 Nc6 6. Bg5 0-0 7. e3 h6 8. Bxf6 gxf6 9. Bd3 Kh8 10. Qc2 Rg8 11. 0-0 d5 12. cxd5 exd5 13. Rac1 Bh3 14. Nh4 Ne5 15. Rfe1 Nxd3 16. Qxd3 f5 17. Nxf5 Bxg2 18. Ng3 Bf3 19. Qxd5 Bxd5 20. Rcd1 Qc8 21. Nxd5 h5 22. Nf6 Rg5 23. Rd7 Qf8 24. f4 Rxg3+ 25. hxg3 Qg7 26. Nxh5 Qg6 27. Kg2 Qxh5 28. Rh1 Qxh1+ 29. Kxh1 Kg7 30. Kg2 b5 31. e4 a5 32. e5 Re8 33. Kf3 Kf8 34. Ke4 Bf2 35. g4 f6 36. Rd5 fxe5 37. f5 Bd4 38. Rxb5 Ra8 39. b3 Kf7 40. a4 Kf6 41. Rd5 Kg5 42. Rd6 Rg8 43. f6 Kxg4 44. f7 Rf8 45. Rd7 Kg5 46. Rd5 Bc3 47. Rc5 Bd4 48. Rxa5 Rxf7 49. Ra8 Rb7 50. Rg8+ Kf6 51. Rg3 Rb4 52. Kd5 Kf5 53. a5 Rb5+ 54. Kc6 Rxa5 55. b4 Ra6+ 56. Kb5 Ra1 57. Rb3 e4 58. Kc6 e3 59. Rxe3 Bxe3 60. b5 Ke6 61. b6 Bxb6 0-1